000 00751cam a2200217 a 4500
001 C00461861c-4
003 CO-ViMGA
005 20230915233553.0
008 021027s2002 ck a r 00010 spa d
040 _aCO-ViMGA
_bspa
_cCO-ViMGA
043 _as-ck---
082 0 4 _aFr 986.591
_bS15h
_219 ed.
100 1 _aSalazar Pérez, Otto Gerardo.
_97214
245 1 0 _aHistoria de historiadores /
_cOtto Gerardo Salazar Pérez.
260 _aVillavicencio :
_bCorporación cultural Municipal de Villavicencio,
_c2002.
300 _a152 p. :
_bil. ;
_c24 cm.
504 _aIncluye bibliografía.
650 1 4 _aHistoriadores
_z Villavicencio (Colombia)
_v Biografías.
_911017
651 _aVillavicencio (Colombia)
_x Historia.
_98948
942 _2ddc
_cBK
999 _c36843
_d36843